| 000 | 00493nam a2200169 i 4500 | ||
|---|---|---|---|
| 001 | bgj | ||
| 245 | 0 | 0 |
_aFloating island / _c[Floating Island Publications]. |
| 260 |
_aPoint Reyes Station, Ca : _bFloating Island Publications, _cc. 1980. |
||
| 300 |
_a159 pp : _bill. ; _c28 cm. |
||
| 650 | 9 |
_aAmerican poetry _y20th century |
|
| 655 | _aPeriodicals | ||
| 710 | p | 0 | _aFloating Island Publications |
| 040 | _cBPK | ||
| 041 | 0 | _aeng | |
| 942 | _cKS | ||
| 008 | s uk f |000 0 eng | ||
| 999 |
_c47847 _d47847 |
||
| 856 |
_uhttp://koha.tu.koszalin.pl/cgi-bin/koha/opac-detail.pl?biblionumber=47847 _yKatalog online BPK |
||